书目信息 |
| 题名: |
沉思录
|
|
| 作者: | 张艳玲 主编 | |
| 分册: | ||
| 出版信息: | 北京 京华出版社 2011 |
|
| 页数: | 199页 | |
| 开本: | 23cm | |
| 丛书名: | ||
| 单 册: | ||
| 中图分类: | B502.43 | |
| 科图分类: | ||
| 主题词: | 斯多葛派--哲学理论 | |
| 电子资源: | ||
| ISBN: | 978-7-5502-0161-3 | |
| 000 | 00791nam0 2200241 450 | |
| 001 | 012001003412 | |
| 005 | 20140926114740.0 | |
| 010 | @a978-7-5502-0161-3@dCNY29.80 | |
| 100 | @a20110821d2011 em y0chiy50 ea | |
| 101 | 1 | @achi@clat |
| 102 | @aCN@b110000 | |
| 105 | @ay z 000yy | |
| 106 | @ar | |
| 200 | 1 | @a沉思录@9chen si lu@f张艳玲主编 |
| 210 | @a北京@c京华出版社@d2011 | |
| 215 | @a199页@c图@d23cm | |
| 300 | @a畅销全球的成功励志经典 世界经典励志名著 | |
| 330 | @a本书涉及了人生的很多问题,以庄严不屈的精神负起做人的重荷,劝导并帮助人们去过更美好的生活。是一部博大精深的人生哲学,细细品读终有所获。 | |
| 606 | 0 | @a斯多葛派@x哲学理论 |
| 690 | @aB502.43@v4 | |
| 701 | 0 | @a张艳玲@9zhang yan ling@4主编 |
| 801 | 0 | @aCN@b上海新华@c20180901 |
| 905 | @b1162801-5@dB502.43@e130@f5 | |
| 沉思录/张艳玲主编.-北京:京华出版社,2011 |
| 199页:图;23cm |
| 畅销全球的成功励志经典 世界经典励志名著 |
| ISBN 978-7-5502-0161-3:CNY29.80 |
| 本书涉及了人生的很多问题,以庄严不屈的精神负起做人的重荷,劝导并帮助人们去过更美好的生活。是一部博大精深的人生哲学,细细品读终有所获。 |
| ● |
| 相关链接 |
|
|
|
|
正题名:沉思录
索取号:B502.43/130
 
预约/预借
| 序号 | 登录号 | 条形码 | 馆藏地/架位号 | 状态 | 备注 |
| 1 | 1162801 | 211628014 | 第一样本阅览室/ [索取号:B502.43/130] | 在馆 | |
| 2 | 1162802 | 211628023 | 第一借阅区/ [索取号:B502.43/130] | 在馆 | |
| 3 | 1162803 | 211628032 | 第一借阅区/ [索取号:B502.43/130] | 在馆 | |
| 4 | 1162804 | 211628041 | 第一借阅区/ [索取号:B502.43/130] | 在馆 | |
| 5 | 1162805 | 211628050 | 第一借阅区/ [索取号:B502.43/130] | 在馆 |